Largest City In Every Country - No Capitals - Statistics

General Stats
  • This quiz has been taken 520 times
    510 since last reset
  • The average score is 53 of 193
Answer Stats
Country City % Correct
Italy Milan
89%
Germany Hamburg
87%
France Lyon
87%
Spain Barcelona
85%
Belgium Antwerp
84%
Portugal Porto
84%
United Kingdom Birmingham
82%
Netherlands Rotterdam
82%
Ireland Cork
80%
United States New York
79%
Switzerland Zürich
79%
Poland Krakow
78%
Japan Osaka
76%
Turkey Istanbul
75%
Australia Sydney
74%
Brazil São Paulo
73%
Israel Tel Aviv
73%
Egypt Alexandria
72%
China Guangzhou
72%
United Arab Emirates Dubai
71%
Canada Toronto
71%
Norway Bergen
70%
Greece Thessaloniki
70%
New Zealand Auckland
69%
Croatia Split
69%
Morocco Casablanca
68%
South Africa Johannesburg
68%
Togo Kara
68%
Pakistan Karachi
67%
Nigeria Lagos
67%
Austria Graz
66%
South Korea Busan
65%
Vietnam Ho Chi Minh City
62%
Saudi Arabia Jeddah
62%
Colombia Medellin
62%
Mexico Guadalajara
61%
Czech Republic Brno
60%
India Delhi
59%
Sweden Gothenburg
59%
Denmark Aarhus
58%
Kazakhstan Almaty
57%
Sri Lanka Colombo
57%
Ukraine Kharkiv
57%
Syria Aleppo
56%
Russia Saint Petersburg
54%
Kenya Mombasa
50%
Myanmar Yangon
48%
Ecuador Guayaquil
47%
Ivory Coast Abidjan
46%
Argentina Cordoba
46%
Tanzania Dar es Salaam
46%
Bangladesh Chittagong
45%
Lithuania Kaunas
45%
Bulgaria Plovdiv
45%
Serbia Novi Sad
44%
Indonesia Surabaya
44%
Libya Benghazi
42%
Iraq Mosul
42%
Belize Belize City
40%
Albania Durrës
38%
Finland Espoo
38%
Venezuela Maracaibo
38%
Hungary Debrecen
37%
Cameroon Douala
37%
Algeria Oran
37%
Yemen Aden
36%
Slovenia Maribor
35%
Moldova Tiraspol
35%
Bosnia & Herzegovina Banja Luka
32%
Slovakia Kosice
32%
Chile Valparaiso
32%
Romania Cluj-Napoca
31%
Belarus Gomel
31%
Afghanistan Kandahar
31%
Estonia Tartu
31%
Cyprus Limassol
30%
Iran Mashhad
30%
Burundi Bujumbura
29%
Philippines Davao
28%
Lebanon Tripoli
28%
Georgia Batumi
27%
Latvia Daugavpils
27%
Thailand Chiang Mai
26%
Tunisia Sfax
26%
Ghana Kumasi
25%
Liechtenstein Schaan
25%
Peru Arequipa
24%
Taiwan New Taipei
22%
Cuba Santiago de Cuba
22%
Kyrgyzstan Osh
20%
Honduras San Pedro Sula
20%
Iceland Akureyri
19%
Cambodia Siem Reap
19%
Kosovo Prizren
17%
Bolivia Santa Cruz de la Sierra
17%
Malawi Blantyre
16%
Somalia Hargeisa
16%
Malaysia Johor Bahru
16%
Republic of the Congo Pointe-Noire
16%
Panama Colón
15%
Zimbabwe Bulawayo
14%
Luxembourg Esch-sur-Alzette
14%
Democratic Republic of the Congo Mbuji-Mayi
14%
Sudan Omdurman
13%
Azerbaijan Ganja
12%
Montenegro Niksić
12%
Equatorial Guinea Bata
11%
Palau Koror
10%
Papua New Guinea Lae
10%
Nepal Pokhara
10%
Senegal Touba
10%
Burkina Faso Bobo-Dioulasso
9%
Paraguay Ciudad del Este
9%
Botswana Francistown
9%
North Korea Hamhung
9%
Nicaragua León
9%
Malta St. Paul's Bay
9%
Uruguay Salto
8%
Turkmenistan Türkmenabat
8%
Armenia Gyumri
7%
North Macedonia Kumanovo
7%
Dominican Republic Santiago de los Caballeros
7%
Ethiopia Dire Dawa
6%
San Marino Dogana
6%
Bahamas Freeport
6%
El Salvador Santa Ana
6%
Jordan Zarqa
6%
Trinidad & Tobago Chaguanas
5%
Angola Huambo
5%
Zambia Kitwe
5%
Laos Pakse
5%
Federated States of Micronesia Weno
5%
Mongolia Erdenet
4%
Eswatini Manzini
4%
Mozambique Matola
4%
Uzbekistan Namangan
4%
Mauritania Nouadhibou
4%
Gabon Port-Gentil
4%
Oman Seeb
4%
Gambia Serekunda
4%
Madagascar Toamasina
4%
Niger Zinder
4%
Qatar Al Rayyan
3%
Andorra Escaldes-Engordany
3%
Eritrea Keren
3%
Tajikistan Khujand
3%
Fiji Lautoka
3%
Guyana Linden
3%
Cape Verde Mindelo
3%
Benin Parakou
3%
Jamaica Portmore
3%
South Sudan Wau
3%
Kuwait Al Jahra
2%
Antigua & Barbuda All Saints
2%
St. Kitts & Nevis Charlestown
2%
Guatemala Cobán
2%
Haiti Gonaïves
2%
Costa Rica Heredia
2%
Brunei Kuala Belait
2%
Suriname Lelydorp
2%
Vanuatu Luganville
2%
Chad Moundou
2%
Bahrain Muharraq
2%
Guinea Nzérékoré
2%
Dominica Portsmouth
2%
Namibia Rundu
2%
Mali Sikasso
2%
Maldives Addu City
1%
Djibouti Ali Sabieh
1%
East Timor Baucau
1%
Central African Republic Berbérati
1%
Marshall Islands Ebeye
1%
Guinea-Bissau Gabú
1%
Liberia Ganta
1%
Grenada Gouyave
1%
St. Lucia Gros Islet
1%
Sierra Leone Kenema
1%
Uganda Mbarara
1%
Nauru Meneng
1%
Tonga Mu'a
1%
Comoros Mutsamudu
1%
Bhutan Phuntsholing
1%
Barbados Speightstown
1%
Mauritius Vacoas-Phoenix
1%
Tuvalu Asau
0%
Solomon Islands Auki
0%
Kiribati Betio Village
0%
St. Vincent & the Grenadines Calliaqua
0%
Seychelles Cascade
0%
Rwanda Muhanga
0%
São Tomé & Principe Neves
0%
Lesotho Teyateyaneng
0%
Samoa Vaitele
0%
No matching quizzes found
Score Distribution
Percent of People with Each Score
Percentile by Number Answered
Your Score History
You have not taken this quiz since the last reset